000 00739nam a2200193 a 4500
005 20230517063529.0
008 991125s1955 mx 000 0 spa u
035 _aUPN01000041766
049 _aF
050 4 _aLB2545
_bC4.5
100 1 _aCeniceros Andonegui, José Angel,
_d1900-1979
_930136
245 1 0 _aNuestra constitución política y la educación mexicana /
_cpor José Angel Ceniceros.
260 _aMéxico :
_bEl Universal,
_c1955.
300 _a44 p. :
_bil.
500 _a"Disertación ante la Junta Nacional de Educación Normal en la Ciudad de México, el día 17 de octubre de 1954"
500 _aTambién disponible en la Colección Medina
650 4 _aEducación
_xLeyes y legislación
_zMéxico
_99102
905 _aLibro
999 _c41766
_d41766